Welcome to CU Library Online Public Access Catalogue (OPAC)

Psychology and law for the helping professions / (Record no. 3178)

MARC details
000 -LEADER
fixed length control field 00774cam a2200217 a 4500
001 - CONTROL NUMBER
control field 3450450
005 - DATE AND TIME OF LATEST TRANSACTION
control field 20250128193528.0
008 - FIXED-LENGTH DATA ELEMENTS--GENERAL INFORMATION
fixed length control field 920730s1993 caua b 001 0 eng
020 ## - INTERNATIONAL STANDARD BOOK NUMBER
International Standard Book Number 053418846X (alk. paper)
050 00 - LIBRARY OF CONGRESS CALL NUMBER
Classification number KF2910.P75
Item number S93 1993
082 00 - DEWEY DECIMAL CLASSIFICATION NUMBER
Classification number 344.73/044
-- 347.30444
Edition information 20
100 1# - MAIN ENTRY--PERSONAL NAME
Personal name Swenson, Leland C.
245 10 - TITLE STATEMENT
Title Psychology and law for the helping professions /
Statement of responsibility, etc. Leland C. Swenson.
260 ## - PUBLICATION, DISTRIBUTION, ETC.
Place of publication, distribution, etc. Pacific Grove, Calif. :
Name of publisher, distributor, etc. Brooks/Cole Pub. Co.,
Date of publication, distribution, etc. c1993.
300 ## - PHYSICAL DESCRIPTION
Extent xix, 500 p. :
Other physical details ill. ;
Dimensions 25 cm.
650 #0 - SUBJECT ADDED ENTRY--TOPICAL TERM
Topical term or geographic name entry element Mental health personnel
General subdivision Legal status, laws, etc.
Geographic subdivision United States.
650 #0 - SUBJECT ADDED ENTRY--TOPICAL TERM
Topical term or geographic name entry element Domestic relations
Geographic subdivision United States.
650 #0 - SUBJECT ADDED ENTRY--TOPICAL TERM
Topical term or geographic name entry element Mental health laws
Geographic subdivision United States.
650 #0 - SUBJECT ADDED ENTRY--TOPICAL TERM
Topical term or geographic name entry element Forensic psychology
Geographic subdivision United States.
942 ## - ADDED ENTRY ELEMENTS (KOHA)
Source of classification or shelving scheme Library of Congress Classification
Koha item type Books
Suppress in OPAC No
999 ## -
-- 3178
-- 3178
Holdings
Withdrawn status Lost status Source of classification or shelving scheme Damaged status Not for loan Collection Home library Current library Shelving location Date acquired Total checkouts Full call number Barcode Date last seen Copy number Price effective from Koha item type
    Library of Congress Classification     Non-fiction Law Library (Christ Temple) Law Library (Christ Temple) General stacks 01/28/2025   KF2910 SWE LLCT00000328 01/28/2025 1 01/28/2025 Books
© 2023-2024 Copyright: Central University Libraries. All Rights Reserved | Created by: Mahone Tech Office